000 00614nam a22002057i 4500
999 _c23456
_d23456
003 AR-CdUCM
008 260119b20232023 pe||||| |||| 00| 0 spa d
020 _a978-84-17782-31-3
040 _aMUNICIPALIDAD PROVINCIAL DEL CUSCO
_cBIBLIOTECA MUNICIPAL DEL CUSCO
041 _hspa
082 _2Segunda Edición
_aES / 184 /
_bP28
100 _aPlatón
_917519
245 _aEl banquete - Platón /
260 _aEspaña :
_bMestas Ediciones, S.L.
_c2023
300 _a93 páginas. .
_c19x12 cm.
505 _aEl Banquete
856 _fwww.mestasediciones.com
942 _2ddc
_cLIBROS
945 _apbjr
_d19-01-2026